000 00469nam a22001577a 4500
999 _c41115
_d41115
003 OSt
005 20210312110741.0
008 210312b ||||| |||| 00| 0 eng d
040 _coclc
082 _a371.271
_bHAJ/M
100 _98537
_aHajilal, S G
245 _aMalsara Pareekshakalil Kanakkarivu /
_cS G Hajilal
260 _aThiruvananthapuram:
_bLals Academy,
_c2018.
300 _a568p
942 _2ddc
_cBK
_h371.271
_iHAJ/M
_k371.271
_mHAJ/M